|
|
|
|
| LEADER |
00629nam a22001691a 4500 |
| 020 |
|
|
|a 9780720117073
|
| 082 |
|
|
|a 378.016
|b PHI/H
|
| 100 |
|
|
|a Philp G Altbach
|9 3364
|
| 245 |
|
|
|a Higher Education in International perspective : a survey and bibliography/
|c by Philp G Altbach and David H Kelly.
|
| 260 |
|
|
|a London:
|b Mansell,
|c 1985.
|
| 300 |
|
|
|a 583p.
|
| 650 |
|
|
|a Higher Education
|9 3365
|
| 650 |
|
|
|a Education
|9 3366
|
| 700 |
|
|
|a David H Kelly
|9 3367
|
| 942 |
|
|
|c BK
|
| 999 |
|
|
|c 17392
|d 17392
|
| 952 |
|
|
|0 0
|1 0
|4 0
|6 378_016000000000000_PHI_H
|7 0
|9 24481
|a SSUS
|b SSUS
|c STACKS
|d 2015-01-08
|g 0.00
|o 378.016 PHI/H
|p 014762
|r 2015-01-08
|v 0.00
|w 2015-01-08
|y BK
|